| 000 | 00378nam a2200157Ia 4500 | ||
|---|---|---|---|
| 008 | 230917s9999||||xx |||||||||||||| ||und|| | ||
| 040 |
_e80853 _aMAIN |
||
| 041 | _aEnglish | ||
| 082 | _a342.561 A81I | ||
| 100 | _aAnsay, Tugrul, ed. | ||
| 245 | 0 | _aIntroduction to Turkish law | |
| 250 | _a3rd ed. | ||
| 260 |
_aDeventer _bKluwer _c1987 |
||
| 300 | _axiv, 279 p. | ||
| 942 | _cBK | ||
| 999 |
_c61798 _d61798 |
||